01005cam a2200265 a 45000010008000000030004000080050017000120080041000290100017000700200022000870200018001090400014001270500021001410820021001621000025001832450144002082460025003522460011003772600056003883000017004445040064004616500047005256500073005727000094006451073030OSt20200612112555.0910328s1992 pau bd 001 0 eng  a 91061405  a1879405032 (pbk.) a9781879405035 aDLCcoclc00aBF1081b.A5 199200a135.3221bALA/I aAl-Akili, Muhammad M10aIbn Seerïn's dictionary of dreams according to Islãmic inner traditions /cby Muhammad M. Al-Akili ; forward [sic] by Mahmoud M. Ayoub.30aDictionary of dreams30aDreams aPhiladelphia, Pa. :bPearl Publishing House,c1992. a511pc23 cm. aIncludes bibliographical references (p. [512]) and indexes. 0aDreamsxEarly works to 1800xDictionaries. 0aDreamsxReligious aspectsxIslamxEarly works to 1800xDictionaries.0 aMuḥammad ibn Sīrīn,d-728 or 729.tMuntakhab al-kalām fī tafsīr al-aḥlām.